000 00594nam a22001937a 4500
003 OSt
005 20251010125024.0
008 241129b |||||||| |||| 00| 0 eng d
020 _a9781607854869
040 _aDDC
_cMUST
082 _a620 ULA 2018.
100 _aFawwaz T. Ulaby; Andrew E. Yagle
_919344
245 _aSignals & Systems:
_btheory and applications
260 _aUSA;
_bElectronic and Computer Engineering University of Michigan:
_c2018.
300 _a648P.:
_bCol, ill;
_c25cm.
504 _aIncludes Indexes
650 _aComputer Engineering.
_913188
942 _2ddc
_cO_SHELF
999 _c9492
_d9492